000 00752nam a22002417a 4500
005 20240530110908.0
008 220303s1994 ua g 000 0 ara d
017 _a93/11314
_bمصر. دار الكتب
020 _a9775140587
040 _aEG-CaGPL
_cEG-CaGPL
082 0 4 _221
_a320.5315/
_bش ن
100 0 _aشوقى جلال
245 1 0 _aنهاية الماركسية /
_cشوقى جلال
250 _aط.1
260 _aالقاهرة :
_bسينا للنشر،
_c1994.
300 _a94 ص. ؛
_c16 سم.
650 0 7 _2qrmak
_aالماركسية
650 0 7 _2qrmak
_aالاشتراكية
650 0 7 _2qrmak
_aالمذاهي السياسية
651 _2qrmak
942 _2ddc
_cBK
999 _c66257
_d66257